| 000 | 00557nam a2200229Ia 4500 | ||
|---|---|---|---|
| 003 | OSt | ||
| 005 | 20220924150846.0 | ||
| 006 | a|||||r|||| 00| 0 | ||
| 007 | ta | ||
| 008 | 220923b |||||||| |||| 00| 0 tel d | ||
| 024 | _a334994 | ||
| 037 | _cTextual | ||
| 040 |
_aARTS _cARTS _btel |
||
| 041 |
_2tel _atel |
||
| 082 | _aO35,3x, N9 | ||
| 100 |
_aSai Rachana Co. _9222777 |
||
| 245 | 0 | _aKatha mahal | |
| 260 | _c1999 | ||
| 650 | _aTELUGU FICTION | ||
| 942 |
_hO35,3x, N9 _cTEXL _2CC |
||
| 999 |
_c464803 _d464803 |
||